| Tag |
First Indicator |
Second Indicator |
Subfields |
| LEADER |
00000pam a2200000 a 4500 |
| 001 |
in00000078994 |
| 005 |
20151008055202.0 |
| 008 |
800625s1981 njua p 00000 engm |
| 010 |
|
|
|a 80018940
|
| 020 |
|
|
|a 0874892457 (pbk.)
|
| 035 |
|
|
|a (OCoLC)06532784
|
| 035 |
|
|
|9 AAJ2777AM
|
| 040 |
|
|
|a DLC
|c DLC
|d m.c.
|d TXA
|d UtOrBLW
|
| 049 |
|
|
|a TXAM
|c [1361781]
|
| 050 |
1 |
0 |
|a RM300
|b .P36 1981
|
| 060 |
|
0 |
|a QV18 I617
|
| 082 |
0 |
|
|a 615/.1/076
|2 19
|
| 110 |
2 |
|
|a Parke, Davis & Company.
|
| 245 |
1 |
0 |
|a Introduction to basic pharmacology.
|
| 264 |
|
1 |
|a Oradell, N.J. :
|b Medical Economics Company, Book Division,
|c [1981]
|
| 264 |
|
4 |
|c ©1981
|
| 300 |
|
|
|a viii, 95 pages :
|b illustrations ;
|c 26 cm.
|
| 336 |
|
|
|a text
|b txt
|2 rdacontent
|
| 337 |
|
|
|a unmediated
|b n
|2 rdamedia
|
| 338 |
|
|
|a volume
|b nc
|2 rdacarrier
|
| 650 |
|
0 |
|a Pharmacology
|x Programmed instruction.
|
| 650 |
|
2 |
|a Pharmacology
|x Programmed texts.
|
| 999 |
|
|
|a MARS
|
| 999 |
f |
f |
|s 48427877-ddbe-373d-8a44-1456a4490851
|i a3e94718-afdf-3ee6-9841-ff081b68ced9
|t 0
|
| 952 |
f |
f |
|p ric
|a Texas A&M University
|b Rellis Campus
|c Joint Library Facility
|d Remote Storage
|t 0
|e RM300 .P36 1981
|h Library of Congress classification
|i unmediated -- volume
|m A14806232872
|
| 998 |
f |
f |
|a RM300 .P36 1981
|t 0
|l Remote Storage
|